La batalla de la alfabetización

Na minha lista:
Detalhes bibliográficos
Autor principal: Burnet, Mary (Author)
Formato: Livro
Idioma:espanhol
Publicado em: París UNESCO 1965
Assuntos:
Tags: Adicionar Tag
Sem tags, seja o primeiro a adicionar uma tag!

MARC

LEADER 00000nam a2200000 a 4500
001 UCU0622
003 CL-VaPUC
008 960322e19650000FR |||||||||||||||||spa|d
082 0 4 |a 379.24  |b BUR  |2 21 
100 0 |a Burnet, Mary  |e author  |9 355958 
245 1 3 |a La batalla de la alfabetización 
300 |a 69 p 
942 |c BK 
945 |d 19960322 00:00:00  |a paguirre 
260 |a París  |b UNESCO  |c 1965 
650 0 |a Analfabetos  |9 338926 
650 0 |a Alfabetización   |9 310435 
650 0 |a Programas de alfabetización   |9 335611 
650 7 |a PROMOCION DE LA ALFABETIZACION  |2 CL-VaPUC  |9 341031 
583 |a last modification  |c 19960322 00:00:00  |k Rodrigo Vera 
999 |c 245461  |d 245459 
952 |0 0  |1 0  |4 0  |6 379_240000000000000_BUR_1965  |7 0  |8 P  |9 259970  |a BIBEDU  |b BIBEDU  |c BIBEDU_PB  |d 2019-11-19  |i 1637762  |o 379.24 BUR 1965  |p 1637762  |r 2024-01-25  |w 2019-11-19  |y BK  |k EDU